000 00680nam a2200289Ia 4500
005 20260324123505.0
008 008 260324s9999 xx 000 0 eng d
020 _a9781315599212
037 _aEBOOK
040 _aCRL
040 _beng
040 _cCRL
041 _2eng
041 _aeng
084 _qCRL
100 _aJulian Castro-Rea
_91170510
245 0 _aOur North America
245 0 _bSocial and Political Issues beyond NAFTA
260 _bTaylor and Francis
260 _c2012
365 _a
365 _b240
856 _uhttp://www.taylorfrancis.com/books/9781315599212
942 _cEBOOK
999 _c1764081
_d1764081